[Event "Titled Tuesday 2025.01.14 Early"]
[Site "Chess.com INT"]
[Date "2025.01.14"]
[Round "5"]
[White "Khamdamova, Afruza"]
[Black "Sai, Krishna GV"]
[Result "1-0"]
[WhiteElo "2354"]
[BlackElo "2374"]
[WhiteFideId "-1"]
[WhiteFideId "-1"]
[PlyCount "95"]
[GameId "2136239185418183"]
[EventDate "2025.01.14"]
[EventType "swiss (blitz)"]
[EventRounds "11"]
[EventCountry "NET"]
[SourceTitle "Mega2025 Update 12"]
[Source "Chessbase"]
[SourceDate "2025.01.24"]
[SourceVersion "1"]
[SourceVersionDate "2025.01.24"]
[SourceQuality "1"]

1. e4 e5 2. Nf3 Nc6 3. Bb5 a6 4. Ba4 d6 5. c3 f5 6. d3 Nf6 7. Nbd2 Be7 8. O-O O-O 9. Bb3+ Kh8 10. Qe2 f4 11. d4 Nd7 12. Bd5 g5 13. Bxc6 bxc6 14. dxe5 dxe5 15. Nc4 Bf6 16. Rd1 Qe7 17. b3 Rg8 18. Ba3 Qf7 19. h3 h5 20. Rxd7 Qxd7 21. Nfxe5 Qh7 22. Rd1 g4 23. h4 f3 24. Qe3 Bxh4 25. g3 Bg5 26. Qd4 Bf6 27. Qe3 Be6 28. Bc5 h4 29. Bd4 Raf8 30. Rd2 c5 31. Bxc5 Bxc4 32. Nxc4 Qg7 33. Rd5 Bg5 34. Qd3 Qg6 35. Bd4+ Kh7 36. Ne5 Qe6 37. Qc4 hxg3 38. Rd7+ Qxd7 39. Nxd7 Rd8 40. Qf7+ Kh6 41. Nf6 gxf2+ 42. Kf1 Bxf6 43. Qxf6+ Kh5 44. Qf5+ Kh4 45. Bf6+ Kg3 46. Qe5+ Kh3 47. Qh5+ Kg3 48. Be5# 1-0

[Event "Titled Tuesday 2025.01.14 Early"]
[Site "Chess.com INT"]
[Date "2025.01.14"]
[Round "6"]
[White "Sai, Krishna GV"]
[Black "Gostev, Serghei"]
[Result "1-0"]
[WhiteElo "2374"]
[BlackElo "2262"]
[WhiteFideId "-1"]
[WhiteFideId "-1"]
[PlyCount "89"]
[GameId "2136239185529067"]
[EventDate "2025.01.14"]
[EventType "swiss (blitz)"]
[EventRounds "11"]
[EventCountry "NET"]
[SourceTitle "Mega2025 Update 12"]
[Source "Chessbase"]
[SourceDate "2025.01.24"]
[SourceVersion "1"]
[SourceVersionDate "2025.01.24"]
[SourceQuality "1"]

1. e4 c6 2. d4 d5 3. Nc3 dxe4 4. Nxe4 Nf6 5. Ng5 c5 6. Bc4 e6 7. N1f3 Nc6 8. O-O Be7 9. Ne5 Nxe5 10. dxe5 Qxd1 11. Rxd1 Nd7 12. Bb5 O-O 13. Nf3 Rd8 14. Be3 a6 15. Bd3 h6 16. a4 b6 17. Be4 Rb8 18. Rd2 Bb7 19. Bxb7 Rxb7 20. Rad1 Kf8 21. g4 Ke8 22. Kg2 b5 23. axb5 axb5 24. Ra1 c4 25. Kg3 Nc5 26. Bxc5 Rxd2 27. Nxd2 Bxc5 28. Ne4 Be7 29. Ra8+ Kd7 30. Rg8 g6 31. Rh8 Ra7 32. Rxh6 Ra8 33. Rh7 Rf8 34. h4 Ke8 35. Nf6+ Bxf6 36. exf6 Kd7 37. Kf4 Kd6 38. Kg5 e5 39. h5 gxh5 40. gxh5 Ke6 41. h6 b4 42. Rg7 b3 43. cxb3 cxb3 44. h7 Rh8 45. f3 1-0

[Event "Titled Tuesday 2025.01.14 Early"]
[Site "Chess.com INT"]
[Date "2025.01.14"]
[Round "7"]
[White "Ferey, Antonin"]
[Black "Sai, Krishna GV"]
[Result "0-1"]
[WhiteElo "2231"]
[BlackElo "2374"]
[WhiteFideId "-1"]
[WhiteFideId "-1"]
[PlyCount "92"]
[GameId "2136239185676885"]
[EventDate "2025.01.14"]
[EventType "swiss (blitz)"]
[EventRounds "11"]
[EventCountry "NET"]
[SourceTitle "Mega2025 Update 12"]
[Source "Chessbase"]
[SourceDate "2025.01.24"]
[SourceVersion "1"]
[SourceVersionDate "2025.01.24"]
[SourceQuality "1"]

1. d4 Nf6 2. c4 g6 3. Nf3 Bg7 4. e3 O-O 5. Be2 d6 6. O-O Nbd7 7. Nc3 e5 8. b4 Re8 9. dxe5 dxe5 10. Nd2 e4 11. Bb2 c6 12. c5 a5 13. a3 b5 14. Nb3 a4 15. Nd4 Ne5 16. Rc1 Qc7 17. Ncxb5 cxb5 18. Nxb5 Qe7 19. Qd6 Ba6 20. Rfe1 Nd3 21. Nc7 Nxc1 22. Bxa6 Rxa6 23. Qxe7 Rxe7 24. Nxa6 Nd3 25. Bxf6 Bxf6 26. Rb1 Bb2 27. b5 Bxa3 28. c6 Bb2 29. b6 a3 30. c7 Re8 31. b7 a2 32. Rf1 Nc1 33. c8=Q a1=Q 34. Qxe8+ Kg7 35. Qb5 Be5 36. Qxe5+ Qxe5 37. Rxc1 Qb2 38. Rf1 Qxb7 39. Nc5 Qd5 40. Rc1 Qd2 41. Rf1 Qc2 42. Nd7 f6 43. h4 Kf7 44. Nb8 Ke6 45. Na6 Kf5 46. Nb4 Qc4 0-1

[Event "Titled Tuesday 2025.01.14 Early"]
[Site "Chess.com INT"]
[Date "2025.01.14"]
[Round "8"]
[White "Sai, Krishna GV"]
[Black "Escobar Forero, Alder"]
[Result "0-1"]
[WhiteElo "2374"]
[BlackElo "2420"]
[WhiteFideId "-1"]
[WhiteFideId "-1"]
[PlyCount "134"]
[GameId "2136239185812387"]
[EventDate "2025.01.14"]
[EventType "swiss (blitz)"]
[EventRounds "11"]
[EventCountry "NET"]
[SourceTitle "Mega2025 Update 12"]
[Source "Chessbase"]
[SourceDate "2025.01.24"]
[SourceVersion "1"]
[SourceVersionDate "2025.01.24"]
[SourceQuality "1"]

1. e4 d6 2. d4 Nf6 3. Nc3 Nbd7 4. g4 h6 5. h4 e5 6. f3 c6 7. Be3 d5 8. Bg2 dxe4 9. g5 exd4 10. Bxd4 hxg5 11. hxg5 Rxh1 12. Bxh1 Nd5 13. Nxe4 c5 14. Bxg7 Ne3 15. Nf6+ Nxf6 16. Qxd8+ Kxd8 17. Bxf6+ Be7 18. Kd2 Bxf6 19. gxf6 Nd5 20. c4 Nxf6 21. f4 Be6 22. Kc3 Kc7 23. f5 Bd7 24. Re1 Rg8 25. Ne2 Bxf5 26. Rf1 Rg5 27. Nf4 Kd6 28. Bxb7 Be4 29. Bxe4 Nxe4+ 30. Kd3 Ke5 31. Ne2 f5 32. a3 Rh5 33. Rf3 Rh1 34. b4 Rd1+ 35. Ke3 Ra1 36. Nf4 Rxa3+ 37. Nd3+ Kf6 38. Rh3 cxb4 39. Rh6+ Kg5 40. Rh7 Nc5 41. Kd4 Nxd3 42. c5 Nxc5 43. Kxc5 a5 44. Kc4 Rc3+ 45. Kd4 Rc1 46. Rg7+ Kf4 47. Ra7 Ra1 48. Kd3 b3 49. Kc3 a4 50. Kb2 Ra2+ 51. Kb1 Kf3 52. Rf7 f4 53. Re7 Kg3 54. Rg7+ Kf2 55. Rf7 f3 56. Rf8 Kg2 57. Rg8+ Kf1 58. Rf8 f2 59. Rf7 Re2 60. Rf4 Ke1 61. Rxa4 f1=Q 62. Rc4 Kf2+ 63. Rc1 Re1 64. Kb2 Rxc1 65. Ka3 Qa6+ 66. Kb2 Qa2+ 67. Kxc1 Qc2# 0-1

[Event "Titled Tuesday 2025.01.07 Early"]
[Site "chess.com INT"]
[Date "2025.01.07"]
[Round "5"]
[White "Sai, Krishna GV"]
[Black "Coe, William R"]
[Result "1-0"]
[WhiteElo "2374"]
[BlackElo "2078"]
[WhiteFideId "-1"]
[WhiteFideId "-1"]
[PlyCount "89"]
[GameId "2133754866617638"]
[EventDate "2025.01.07"]
[EventType "swiss (blitz)"]
[EventRounds "11"]
[EventCountry "NET"]
[SourceTitle "Mega2025 Update 11"]
[Source "Chessbase"]
[SourceDate "2025.01.17"]
[SourceVersion "1"]
[SourceVersionDate "2025.01.17"]
[SourceQuality "1"]

1. Nf3 Nf6 2. g3 g6 3. Bg2 Bg7 4. O-O O-O 5. d3 c5 6. e4 d6 7. Nbd2 e5 8. Ne1 Nc6 9. f4 Bg4 10. Nef3 Nd4 11. h3 Nxf3+ 12. Nxf3 Bxf3 13. Qxf3 Nd7 14. f5 f6 15. fxg6 hxg6 16. h4 Qe7 17. h5 g5 18. Bh3 Nb8 19. h6 Bxh6 20. Qh5 Qg7 21. Be6+ Kh7 22. Kg2 Nc6 23. Rh1 Ne7 24. Be3 Rh8 25. Rh2 Qg6 26. Qg4 Kg7 27. Rah1 Raf8 28. Rh5 Qe8 29. Qh3 Qg6 30. Bf5 Nxf5 31. exf5 Qh7 32. Qg4 Qg8 33. c4 Rh7 34. Bxg5 fxg5 35. Rxh6 Rxh6 36. Qxg5+ Kf7 37. Qxh6 Ke7 38. Qh7+ Qxh7 39. Rxh7+ Rf7 40. Rxf7+ Kxf7 41. g4 Kf6 42. Kf3 Kg5 43. Ke4 Kf6 44. Kd5 Kg5 45. Kxd6 1-0

[Event "Titled Tuesday 2025.01.07 Early"]
[Site "chess.com INT"]
[Date "2025.01.07"]
[Round "6"]
[White "Schut, Han"]
[Black "Sai, Krishna GV"]
[Result "0-1"]
[WhiteElo "2088"]
[BlackElo "2374"]
[WhiteFideId "-1"]
[WhiteFideId "-1"]
[PlyCount "82"]
[GameId "2133754866773718"]
[EventDate "2025.01.07"]
[EventType "swiss (blitz)"]
[EventRounds "11"]
[EventCountry "NET"]
[SourceTitle "Mega2025 Update 11"]
[Source "Chessbase"]
[SourceDate "2025.01.17"]
[SourceVersion "1"]
[SourceVersionDate "2025.01.17"]
[SourceQuality "1"]

1. e4 c5 2. Nf3 d6 3. d4 cxd4 4. Nxd4 Nf6 5. f3 h5 6. c4 Nc6 7. Be3 Bd7 8. Nc3 a6 9. Qd2 Rc8 10. Rc1 e6 11. Be2 Be7 12. O-O h4 13. b3 Qa5 14. Rfd1 Qh5 15. f4 Qg6 16. Bf3 Ng4 17. f5 exf5 18. exf5 Bxf5 19. Nd5 Bd7 20. Re1 Nce5 21. Nf4 Qf6 22. Nd5 Qg6 23. Nf4 Qh7 24. Bxg4 Bxg4 25. Nd5 Bd8 26. h3 Bd7 27. Bf4 f6 28. Kh1 O-O 29. Rcd1 g5 30. Bh2 g4 31. Bxe5 fxe5 32. Ne2 Rf2 33. Qe3 g3 34. Rf1 Rxf1+ 35. Rxf1 Qg7 36. Nec3 Be6 37. Ne4 Bxd5 38. cxd5 Be7 39. Rf5 Rf8 40. Qf3 Rc8 41. Qf1 Qg6 0-1

[Event "Titled Tuesday 2025.01.07 Early"]
[Site "chess.com INT"]
[Date "2025.01.07"]
[Round "7"]
[White "Sai, Krishna GV"]
[Black "Eames, Robert"]
[Result "1-0"]
[WhiteElo "2374"]
[BlackElo "2151"]
[WhiteFideId "-1"]
[WhiteFideId "-1"]
[PlyCount "73"]
[GameId "2133754866876381"]
[EventDate "2025.01.07"]
[EventType "swiss (blitz)"]
[EventRounds "11"]
[EventCountry "NET"]
[SourceTitle "Mega2025 Update 11"]
[Source "Chessbase"]
[SourceDate "2025.01.17"]
[SourceVersion "1"]
[SourceVersionDate "2025.01.17"]
[SourceQuality "1"]

1. Nf3 d5 2. g3 Nd7 3. d4 Nb6 4. Nbd2 Bf5 5. Nh4 Bg4 6. h3 Bh5 7. Bg2 e6 8. O-O c6 9. Qe1 Nf6 10. c3 Be7 11. Nhf3 O-O 12. Ne5 Nbd7 13. f4 Nxe5 14. fxe5 Nd7 15. e4 Qb6 16. Kh2 Rae8 17. h4 f6 18. exf6 Nxf6 19. e5 Ng4+ 20. Kh3 Rxf1 21. Nxf1 Rf8 22. b3 c5 23. Be3 cxd4 24. cxd4 Bb4 25. Qc1 Nf2+ 26. Bxf2 Rxf2 27. Qe3 Rf8 28. g4 Bg6 29. h5 Be4 30. Bxe4 dxe4 31. Qxe4 Bc3 32. Rd1 Qa5 33. Qc2 Bb4 34. d5 exd5 35. Kg2 Qb6 36. Rxd5 Be7 37. Rd3 1-0

[Event "Titled Tuesday 2025.01.07 Early"]
[Site "chess.com INT"]
[Date "2025.01.07"]
[Round "8"]
[White "Sai, Krishna GV"]
[Black "Kunz, Andre"]
[Result "1-0"]
[WhiteElo "2374"]
[BlackElo "2122"]
[WhiteFideId "-1"]
[WhiteFideId "-1"]
[PlyCount "65"]
[GameId "2133754866954406"]
[EventDate "2025.01.07"]
[EventType "swiss (blitz)"]
[EventRounds "11"]
[EventCountry "NET"]
[SourceTitle "Mega2025 Update 11"]
[Source "Chessbase"]
[SourceDate "2025.01.17"]
[SourceVersion "1"]
[SourceVersionDate "2025.01.17"]
[SourceQuality "1"]

1. Nf3 c5 2. g3 Nf6 3. Bg2 Nc6 4. O-O g6 5. d3 Bg7 6. Nbd2 d5 7. e4 dxe4 8. dxe4 e5 9. c3 Kf8 10. Qe2 Qc7 11. Nh4 Be6 12. f4 Bg4 13. Qf2 exf4 14. Qxc5+ Qe7 15. Qxe7+ Nxe7 16. gxf4 Rd8 17. Nb3 h5 18. e5 Nfd5 19. Nd4 Bh6 20. Be4 Kg7 21. f5 gxf5 22. Nhxf5+ Bxf5 23. Nxf5+ Nxf5 24. Rxf5 Ne3 25. Bxe3 Bxe3+ 26. Kg2 Rhg8 27. Kf3 Bb6 28. Ke2 Kh6 29. Rf6+ Kg7 30. Raf1 Rgf8 31. R1f5 Rd7 32. Rg5+ Kh8 33. Rh6# 1-0

[Event "Titled Tuesday 2025.01.07 Early"]
[Site "chess.com INT"]
[Date "2025.01.07"]
[Round "9"]
[White "Shevchenko, Yaroslav"]
[Black "Sai, Krishna GV"]
[Result "1-0"]
[WhiteElo "2064"]
[BlackElo "2374"]
[WhiteFideId "-1"]
[WhiteFideId "-1"]
[PlyCount "163"]
[GameId "2133754867147436"]
[EventDate "2025.01.07"]
[EventType "swiss (blitz)"]
[EventRounds "11"]
[EventCountry "NET"]
[SourceTitle "Mega2025 Update 11"]
[Source "Chessbase"]
[SourceDate "2025.01.17"]
[SourceVersion "1"]
[SourceVersionDate "2025.01.17"]
[SourceQuality "1"]

1. e4 c5 2. g3 h5 3. Nf3 Nc6 4. d4 cxd4 5. Nxd4 g6 6. Nc3 Bg7 7. Be3 h4 8. Bg2 Nf6 9. Nxc6 dxc6 10. Qxd8+ Kxd8 11. f3 Be6 12. O-O-O+ Nd7 13. g4 Kc7 14. h3 Rad8 15. f4 f5 16. gxf5 gxf5 17. e5 Nb6 18. b3 Bh6 19. Bf3 Rhg8 20. Rxd8 Kxd8 21. Ne2 Nd5 22. Bd2 b5 23. Nd4 Bd7 24. e6 Be8 25. Bxd5 cxd5 26. Nxf5 Rg6 27. Nxh6 Rxh6 28. f5 Rf6 29. Rg1 Bh5 30. Ba5+ Kc8 31. Rg8+ Kb7 32. Rg5 Bf3 33. Bb4 Be4 34. Bxe7 Rxf5 35. Rg7 Kc6 36. Bxh4 Rh5 37. Bg5 Rxh3 38. e7 Rh8 39. Rf7 Kd7 40. Rf8 Rh1+ 41. Kb2 Bg6 42. Rd8+ Kc6 43. e8=Q+ Bxe8 44. Rxe8 Rh2 45. Re6+ Kc5 46. Be3+ d4 47. Re5+ Kc6 48. Bxd4 a5 49. Bc3 a4 50. bxa4 bxa4 51. Ra5 Rh4 52. a3 Kb6 53. Bb4 Rc4 54. Rxa4 Rc8 55. Ra5 Rc4 56. Rh5 Rg4 57. Kb3 Rg3+ 58. c3 Rg1 59. a4 Rg6 60. Bf8 Kb7 61. Rh7+ Kb8 62. Bc5 Rg5 63. Kb4 Ka8 64. c4 Rg2 65. Bd4 Rd2 66. Rd7 Rd1 67. c5 Rb1+ 68. Kc4 Rc1+ 69. Bc3 Kb8 70. a5 Kc8 71. c6 Rh1 72. a6 Rh4+ 73. Kd5 Rh5+ 74. Be5 Rh3 75. Rc7+ Kb8 76. Rh7+ Ka8 77. Rxh3 Ka7 78. Bd4+ Kxa6 79. Rb3 Ka5 80. Bc5 Ka4 81. Kc4 Ka5 82. Ra3# 1-0

[Event "Rilton Cup 2024-25"]
[Site "Stockholm SWE"]
[Date "2024.12.27"]
[Round "1"]
[White "Gkavardinas, Antonios"]
[Black "Sai, Krishna GV"]
[Result "0-1"]
[WhiteElo "2208"]
[BlackElo "2409"]
[WhiteFideId "-1"]
[WhiteFideId "-1"]
[PlyCount "74"]
[GameId "520342542860"]
[EventDate "2024.12.27"]
[EventType "swiss"]
[EventRounds "9"]
[EventCountry "SWE"]
[SourceTitle "Mega2025 Update 10"]
[Source "Chessbase"]
[SourceDate "2025.01.09"]
[SourceVersion "1"]
[SourceVersionDate "2025.01.09"]
[SourceQuality "1"]

1. e4 e5 2. Nf3 Nc6 3. Bc4 Nf6 4. d3 h6 5. c3 d6 6. O-O g5 7. Nbd2 Bg7 8. Bb3 a5 9. a4 d5 10. exd5 Nxd5 11. Re1 O-O 12. Nc4 Re8 13. Bc2 Bf5 14. Be3 Bh7 15. h3 Qd7 16. Qe2 Rad8 17. Rad1 f5 18. Bc1 Bf6 19. Nh2 Bg6 20. Qf3 Kg7 21. Ne3 Nf4 22. g3 Nxh3+ 23. Kg2 h5 24. Bb3 g4 25. Qd5 Qc8 26. Qb5 f4 27. Nd5 f3+ 28. Kf1 Bg5 29. Bxg5 Nxg5 30. d4 h4 31. Ne3 hxg3 32. fxg3 Rh8 33. Nhxg4 Ne4 34. Kg1 f2+ 35. Nxf2 Nxf2 36. Rf1 Nh3+ 37. Kh2 Nf4+ 0-1

[Event "Rilton Cup 2024-25"]
[Site "Stockholm SWE"]
[Date "2024.12.28"]
[Round "2"]
[White "Sai, Krishna GV"]
[Black "Lindbergh, Theodor"]
[Result "1/2-1/2"]
[WhiteElo "2409"]
[BlackElo "2214"]
[WhiteFideId "-1"]
[WhiteFideId "-1"]
[PlyCount "100"]
[GameId "2131192870690538"]
[EventDate "2024.12.27"]
[EventType "swiss"]
[EventRounds "9"]
[EventCountry "SWE"]
[SourceTitle "Mega2025 Update 10"]
[Source "Chessbase"]
[SourceDate "2025.01.09"]
[SourceVersion "1"]
[SourceVersionDate "2025.01.09"]
[SourceQuality "1"]

1. e4 e5 2. Nf3 Nc6 3. Bb5 a6 4. Ba4 Nf6 5. O-O d6 6. Re1 Bd7 7. d4 b5 8. Bb3 Nxd4 9. Nxd4 exd4 10. f4 Bg4 11. Qd3 c5 12. Bd5 Rb8 13. f5 Be7 14. Bc6+ Kf8 15. a4 Qb6 16. axb5 axb5 17. Bxb5 Qxb5 18. Qxb5 Rxb5 19. h3 Rb8 20. Ra7 Bh5 21. Na3 Rd8 22. Nc4 h6 23. e5 dxe5 24. Nxe5 Bd6 25. g4 Re8 26. Nf3 Rxe1+ 27. Nxe1 Kg8 28. gxh5 Kh7 29. Rxf7 Re8 30. Kf1 Nxh5 31. Rd7 Ng3+ 32. Kf2 Re2+ 33. Kf3 Rxe1 34. Bxh6 Nxf5 35. Bxg7 Re7 36. Rxe7 Bxe7 37. Be5 Kg6 38. Ke4 Bf8 39. c3 dxc3 40. Bxc3 Ng7 41. Kd5 Nf5 42. Bd2 Kh5 43. Ke4 Ng3+ 44. Kd5 Nf1 45. Bf4 Kh4 46. Bd6 Ne3+ 47. Kxc5 Bxd6+ 48. Kxd6 Nc4+ 49. Kc5 Nxb2 50. Kd4 Kxh3 1/2-1/2

[Event "Rilton Cup 2024-25"]
[Site "Stockholm SWE"]
[Date "2024.12.31"]
[Round "5"]
[White "Kejna, Piotr"]
[Black "Sai, Krishna GV"]
[Result "1/2-1/2"]
[WhiteElo "2249"]
[BlackElo "2409"]
[WhiteFideId "-1"]
[WhiteFideId "-1"]
[PlyCount "69"]
[GameId "520082977183"]
[EventDate "2024.12.27"]
[EventType "swiss"]
[EventRounds "9"]
[EventCountry "SWE"]
[SourceTitle "Mega2025 Update 10"]
[Source "Chessbase"]
[SourceDate "2025.01.09"]
[SourceVersion "1"]
[SourceVersionDate "2025.01.09"]
[SourceQuality "1"]

1. e4 e5 2. Nf3 Nc6 3. Nc3 Nf6 4. Bb5 Bd6 5. O-O O-O 6. Re1 Re8 7. a4 Nd4 8. Bc4 c6 9. d3 Bb4 10. Bg5 h6 11. Bh4 Nxf3+ 12. Qxf3 g5 13. Bxg5 hxg5 14. Qf5 Kf8 15. Qxg5 Bc5 16. Re3 Bxe3 17. fxe3 d5 18. Rf1 dxc4 19. Qh6+ Ke7 20. Qxf6+ Kd7 21. Qxf7+ Qe7 22. Qh5 Rf8 23. Rxf8 Qxf8 24. Qxe5 cxd3 25. cxd3 Qd6 26. Qg7+ Qe7 27. Qg3 Ke8 28. e5 Bf5 29. d4 Rd8 30. d5 Bh7 31. e6 cxd5 32. Qe5 Bg8 33. Qh5+ Kf8 34. Qh6+ Ke8 35. Qh5+ 1/2-1/2

[Event "Rilton Cup 2024-25"]
[Site "Stockholm SWE"]
[Date "2025.01.02"]
[Round "6"]
[White "Sai, Krishna GV"]
[Black "Rakshitta, Ravi"]
[Result "1/2-1/2"]
[WhiteElo "2409"]
[BlackElo "2287"]
[WhiteFideId "-1"]
[WhiteFideId "-1"]
[PlyCount "124"]
[GameId "520082977202"]
[EventDate "2024.12.27"]
[EventType "swiss"]
[EventRounds "9"]
[EventCountry "SWE"]
[SourceTitle "Mega2025 Update 10"]
[Source "Chessbase"]
[SourceDate "2025.01.09"]
[SourceVersion "1"]
[SourceVersionDate "2025.01.09"]
[SourceQuality "1"]

1. e4 e6 2. d4 d5 3. Nc3 Nf6 4. e5 Nfd7 5. f4 c5 6. Nf3 Nc6 7. Be3 a6 8. Qd2 b5 9. Bd3 b4 10. Nd1 a5 11. f5 cxd4 12. Nxd4 Nxd4 13. Bxd4 Bc5 14. Bxc5 Nxc5 15. fxe6 Bxe6 16. Bb5+ Nd7 17. Bxd7+ Qxd7 18. Qd4 Qb5 19. Ne3 O-O 20. h4 Rac8 21. h5 h6 22. Rf1 Rc7 23. Rd1 Rfc8 24. Rf2 Qb8 25. Qf4 Re8 26. Rd4 Rce7 27. Kd2 Qb7 28. Re2 Bc8 29. Rxd5 Qc7 30. Nf5 Bxf5 31. Qxf5 Qc4 32. Qd3 Qxa2 33. Qb3 Qxb3 34. cxb3 f6 35. Kd3 fxe5 36. Ke4 Ra8 37. Rf2 Kh7 38. g4 a4 39. bxa4 Rxa4 40. b3 Ra1 41. Rf8 Re1+ 42. Kd3 Rd1+ 43. Ke4 Re1+ 44. Kd3 Rd1+ 45. Ke4 Rxd5 46. Kxd5 Rd7+ 47. Kxe5 Rd3 48. Rb8 Rxb3 49. Ke4 Rb1 50. Kf3 b3 51. Kg2 g5 52. hxg6+ Kxg6 53. Rb5 Kf6 54. Rh5 Kg7 55. Rb5 Kg6 56. Kh2 Kf6 57. Rh5 Rc1 58. Rxh6+ Kg5 59. Rb6 Rc3 60. Rb4 Kh4 61. Kg2 Rg3+ 62. Kf2 Rxg4 1/2-1/2

[Event "FSGM 2024.12"]
[Site "Budapest HUN"]
[Date "2024.12.07"]
[Round "1.5"]
[White "Pap, Misa"]
[Black "Sai, Krishna GV"]
[Result "1-0"]
[WhiteElo "2419"]
[BlackElo "2409"]
[WhiteFideId "-1"]
[WhiteFideId "-1"]
[PlyCount "67"]
[GameId "2129405228284360"]
[EventDate "2024.12.07"]
[EventType "tourn"]
[EventRounds "9"]
[EventCountry "HUN"]
[EventCategory "6"]
[SourceTitle "10Days CBH #1-#780"]
[Source "ChessMix "]
[SourceDate "2024.12.20"]
[SourceVersion "1"]
[SourceVersionDate "2024.12.20"]
[SourceQuality "1"]

1. e4 e5 2. Nf3 Nc6 3. Bb5 a6 4. Ba4 d6 5. d4 b5 6. Bb3 Nxd4 7. Nxd4 exd4 8. c3 d3 9. Qxd3 Be7 10. a4 Rb8 11. axb5 axb5 12. Na3 Bd7 13. c4 b4 14. Nb5 Bf6 15. Ra7 Bxb5 16. cxb5 Ne7 17. O-O O-O 18. Qc4 d5 19. exd5 Nc8 20. Rxc7 Nd6 21. Qc6 Nxb5 22. Rd7 Qa5 23. Qc4 Rbc8 24. Qd3 Nd4 25. Be3 Nxb3 26. Qxb3 Qb5 27. Ra7 Rfd8 28. Rd1 Qe2 29. g3 Rc2 30. Qd3 Qxd3 31. Rxd3 Rxb2 32. Bb6 Rb8 33. Be3 Rc8 34. d6 1-0

[Event "FSGM 2024.12"]
[Site "Budapest HUN"]
[Date "2024.12.08"]
[Round "2.1"]
[White "Kosic, Dragan"]
[Black "Sai, Krishna GV"]
[Result "1/2-1/2"]
[WhiteElo "2393"]
[BlackElo "2409"]
[WhiteFideId "-1"]
[WhiteFideId "-1"]
[PlyCount "95"]
[GameId "2129405228284361"]
[EventDate "2024.12.07"]
[EventType "tourn"]
[EventRounds "9"]
[EventCountry "HUN"]
[EventCategory "6"]
[SourceTitle "10Days CBH #1-#780"]
[Source "ChessMix "]
[SourceDate "2024.12.20"]
[SourceVersion "1"]
[SourceVersionDate "2024.12.20"]
[SourceQuality "1"]

1. d4 Nf6 2. Nf3 g6 3. g3 Bg7 4. Bg2 O-O 5. O-O d6 6. Nc3 d5 7. Be3 c6 8. Qd2 Re8 9. Rad1 Nbd7 10. Bf4 Qb6 11. b3 e6 12. Ne5 Bf8 13. Nxd7 Nxd7 14. e4 Bb4 15. Qd3 e5 16. dxe5 Qa5 17. Nb1 dxe4 18. Qxe4 Nxe5 19. a3 Bf8 20. b4 Qc7 21. Qd4 Bg7 22. Qc5 Bg4 23. Rde1 Qb6 24. Nd2 Nd7 25. Qxb6 Nxb6 26. Rxe8+ Rxe8 27. Ne4 Nd5 28. Bd2 f5 29. Nc5 Re2 30. Nb3 f4 31. gxf4 Bf5 32. Bf3 Re7 33. c4 Nb6 34. Na5 Bd3 35. Re1 Rxe1+ 36. Bxe1 Nxc4 37. Nxb7 Nxa3 38. Bxc6 Nc2 39. Bd2 Nd4 40. Bd5+ Kf8 41. Nc5 Be2 42. Ne6+ Nxe6 43. Bxe6 Bd3 44. Kg2 Ke7 45. Bg8 h5 46. Kf3 Kd6 47. Ke3 Bf5 48. Bc4 1/2-1/2

[Event "FSGM 2024.12"]
[Site "Budapest HUN"]
[Date "2024.12.09"]
[Round "3.5"]
[White "Sai, Krishna GV"]
[Black "Rorrer, Grayson"]
[Result "1/2-1/2"]
[WhiteElo "2409"]
[BlackElo "2411"]
[WhiteFideId "-1"]
[WhiteFideId "-1"]
[PlyCount "119"]
[GameId "2129405228284370"]
[EventDate "2024.12.07"]
[EventType "tourn"]
[EventRounds "9"]
[EventCountry "HUN"]
[EventCategory "6"]
[SourceTitle "10Days CBH #1-#780"]
[Source "ChessMix "]
[SourceDate "2024.12.20"]
[SourceVersion "1"]
[SourceVersionDate "2024.12.20"]
[SourceQuality "1"]

1. e4 e6 2. d4 d5 3. Nc3 Nf6 4. e5 Nfd7 5. f4 c5 6. Nf3 Nc6 7. Be3 a6 8. Qd2 b5 9. h4 Bb7 10. Qf2 Qb6 11. h5 cxd4 12. Nxd4 Bc5 13. Nce2 O-O 14. Rh3 Nxd4 15. Bxd4 f6 16. Bxc5 Qxc5 17. Qxc5 Nxc5 18. Re3 fxe5 19. Rxe5 Rae8 20. g3 Nd7 21. Re3 e5 22. fxe5 Nxe5 23. Bg2 Ng4 24. Rxe8 Rxe8 25. Kd2 Ne3 26. Nf4 Nc4+ 27. Kc3 Re3+ 28. Kd4 Rxg3 29. Re1 Rg4 30. Rf1 g5 31. hxg6 hxg6 32. Bh3 Rh4 33. Be6+ Kh7 34. b3 Nd2 35. Rf2 g5 36. Bf5+ Kh6 37. Rxd2 gxf4 38. Kc5 Kg5 39. Bd7 Rh7 40. Rg2+ Kf6 41. Bg4 d4 42. Rf2 Kg5 43. Bd1 Rh1 44. Be2 Ra1 45. Kxd4 Rxa2 46. Bd3 Ra1 47. Re2 Kg4 48. Re7 Bg2 49. Rg7+ Kh3 50. Ke5 f3 51. Kf4 Kh2 52. Be4 Rc1 53. Bxf3 Bxf3 54. Kxf3 Rxc2 55. Rg6 a5 56. Ra6 Ra2 57. Ke3 Kg2 58. Kd4 Kf3 59. Kc5 Ra3 60. Kxb5 1/2-1/2

[Event "FSGM 2024.12"]
[Site "Budapest HUN"]
[Date "2024.12.10"]
[Round "4.2"]
[White "Yao, Lan"]
[Black "Sai, Krishna GV"]
[Result "0-1"]
[WhiteElo "2359"]
[BlackElo "2409"]
[WhiteFideId "-1"]
[WhiteFideId "-1"]
[PlyCount "92"]
[GameId "2129405228284372"]
[EventDate "2024.12.07"]
[EventType "tourn"]
[EventRounds "9"]
[EventCountry "HUN"]
[EventCategory "6"]
[SourceTitle "10Days CBH #1-#780"]
[Source "ChessMix "]
[SourceDate "2024.12.20"]
[SourceVersion "1"]
[SourceVersionDate "2024.12.20"]
[SourceQuality "1"]

1. e4 e5 2. Nf3 Nc6 3. Bc4 Nf6 4. d3 h6 5. O-O d6 6. c3 g5 7. a4 a5 8. Nbd2 Bg7 9. h3 g4 10. hxg4 Nxg4 11. Re1 f5 12. exf5 d5 13. Ba2 Bxf5 14. Nh2 h5 15. Ndf3 Qd6 16. Bg5 Kd7 17. Nh4 Be6 18. Nf1 Rag8 19. Ng3 Bf8 20. Qd2 Kc8 21. c4 Qd7 22. cxd5 Bxd5 23. Bxd5 Qxd5 24. Ne4 Bb4 25. Nc3 Qd7 26. Re4 Nd4 27. Rae1 Nb3 28. Qc2 Nc5 29. Be3 Nxe4 30. dxe4 Nxe3 31. Rxe3 Qg4 32. Nd5 c6 33. Nf6 Qxh4 34. Nxg8 Rxg8 35. Qc4 Re8 36. Qf7 Qd8 37. Rg3 Qd1+ 38. Kh2 Qd7 39. Qxh5 Re7 40. Rh3 Bc5 41. Qh8+ Re8 42. Qh4 Rf8 43. f3 Qd1 44. Qg5 Kb8 45. Rh5 Qg1+ 46. Kh3 Bf2 0-1